| 000 | 00582nam a2200121Ia 4500 | ||
|---|---|---|---|
| 008 | 171212s9999 xx 000 0 und d | ||
| 020 | _a9781921862045 | ||
| 245 |
_ceditor Costanza, Robert;Alperovitz, Gar;Daly, Herman;Farley, Joshua;Franco, Carol _aBuilding a Sustainable and Desirable Economy-in-Society-in-Nature |
||
| 260 |
_bANU E Press _c2013 |
||
| 650 | _aEcology & Evolutionary Biology | ||
| 650 | _aEconomic development -- Environmental aspects; Environmental policy; Natural resources; Nature -- Effect of human beings on | ||
| 856 | _uhttp://www.jstor.org/stable/j.ctt5hgz53 | ||
| 999 |
_c351021 _d351021 |
||